000 00237nam a22001097a 4500
041 _aENG
100 _aSouthwell.P.H
245 _aThe Agricultural Tractor
260 _aLondon
_bTemple Press
_c1998
650 _aFMP
856 _uFMP (23 )
999 _c1369
_d1369